| 000 | 00954cam a2200241 4500 | ||
|---|---|---|---|
| 001 | ABS67090 | ||
| 008 | 030930n2003 000 0 eng u | ||
| 035 | _a(Sirsi) u123787 | ||
| 100 | _aMurdoch, J. | ||
| 245 | _aDon't take liberties | ||
| 260 | _c2003 | ||
| 490 |
_aEstates Gazette _v(0339) 27 September 2003, 116(1) |
||
| 520 | _aDiscusses "Tomlinson v Congleton BC " ([2003] UKHL 47, Abs67008), in which the HL in overturning the CA decision (WB3812-13) held that an occupier is under no duty to protect trespassers against the ordinary and obvious dangers involved in swimming in a lake. Trespassers are deemed to be responsible for their own foolhardy actions. | ||
| 590 | _aABS | ||
| 650 | _aTOMLINSON V CONGLETON BC | ||
| 650 | _aDUTY OF CARE | ||
| 650 | _aOCCUPIERS LIABILITY ACT 1984 | ||
| 650 | _aCOUNTRYSIDE ACCESS | ||
| 650 | _aTRESPASS | ||
| 650 | _aCOUNTRYSIDE AND RIGHTS OF WAY ACT 2000 | ||
| 690 | _aLAW-UK | ||
| 942 | _n0 | ||
| 999 |
_c73509 _d73509 |
||